| 000 | 00375nam a2200109Ia 4500 | ||
|---|---|---|---|
| 008 | 171211s9999 xx 000 0 und d | ||
| 245 | _aKompendium der Mediengestaltung: II. Medientechnik | ||
| 245 | _cDominik Sinner &1, Joachim Böhringer, Patrick Schlaich, and Peter Bühler | ||
| 260 | _c2014 | ||
| 650 | _xDesign | ||
| 856 | _uhttp://down.ebook777.com/062/9783642545849.pdf | ||
| 999 |
_c347896 _d347896 |
||